<?xml version="1.0" encoding="UTF-8"?>
<collection xmlns="http://www.loc.gov/MARC21/slim">
 <record>
  <leader>02027cam a2200469  a4500</leader>
  <controlfield tag="001">63107760X</controlfield>
  <controlfield tag="003">DE-627</controlfield>
  <controlfield tag="005">20220708122324.0</controlfield>
  <controlfield tag="007">tu</controlfield>
  <controlfield tag="008">100713m20122012xxu|||||      00| ||eng c</controlfield>
  <datafield tag="010" ind1=" " ind2=" ">
   <subfield code="a">  2010029185</subfield>
  </datafield>
  <datafield tag="020" ind1=" " ind2=" ">
   <subfield code="a">9780300149159</subfield>
   <subfield code="c">3 hardcover volumes in slipcase : alk. paper</subfield>
   <subfield code="9">978-0-300-14915-9</subfield>
  </datafield>
  <datafield tag="035" ind1=" " ind2=" ">
   <subfield code="a">(DE-627)63107760X</subfield>
  </datafield>
  <datafield tag="035" ind1=" " ind2=" ">
   <subfield code="a">(DE-576)9631077608</subfield>
  </datafield>
  <datafield tag="035" ind1=" " ind2=" ">
   <subfield code="a">(DE-599)GBV63107760X</subfield>
  </datafield>
  <datafield tag="040" ind1=" " ind2=" ">
   <subfield code="a">DE-627</subfield>
   <subfield code="b">ger</subfield>
   <subfield code="c">DE-627</subfield>
   <subfield code="e">rakwb</subfield>
  </datafield>
  <datafield tag="041" ind1=" " ind2=" ">
   <subfield code="a">eng</subfield>
  </datafield>
  <datafield tag="044" ind1=" " ind2=" ">
   <subfield code="c">XD-US</subfield>
   <subfield code="c">XA-GB</subfield>
  </datafield>
  <datafield tag="050" ind1=" " ind2="0">
   <subfield code="a">N6537.M67</subfield>
  </datafield>
  <datafield tag="082" ind1="0" ind2=" ">
   <subfield code="a">759.13</subfield>
   <subfield code="q">LOC</subfield>
   <subfield code="2">22</subfield>
  </datafield>
  <datafield tag="084" ind1=" " ind2=" ">
   <subfield code="a">20.31</subfield>
   <subfield code="2">bkl</subfield>
  </datafield>
  <datafield tag="245" ind1="1" ind2="0">
   <subfield code="a">Robert Motherwell</subfield>
   <subfield code="b">paintings and collages ; a catalogue raisonné, 1941 - 1991</subfield>
   <subfield code="c">Jack Flam, Katy Rogers, and Tim Clifford</subfield>
  </datafield>
  <datafield tag="264" ind1=" " ind2="1">
   <subfield code="a">New Haven, Conn. [u.a.]</subfield>
   <subfield code="b">Yale Univ. Press</subfield>
   <subfield code="c">2012</subfield>
  </datafield>
  <datafield tag="336" ind1=" " ind2=" ">
   <subfield code="a">Text</subfield>
   <subfield code="b">txt</subfield>
   <subfield code="2">rdacontent</subfield>
  </datafield>
  <datafield tag="337" ind1=" " ind2=" ">
   <subfield code="a">ohne Hilfsmittel zu benutzen</subfield>
   <subfield code="b">n</subfield>
   <subfield code="2">rdamedia</subfield>
  </datafield>
  <datafield tag="338" ind1=" " ind2=" ">
   <subfield code="a">Band</subfield>
   <subfield code="b">nc</subfield>
   <subfield code="2">rdacarrier</subfield>
  </datafield>
  <datafield tag="500" ind1=" " ind2=" ">
   <subfield code="a">Includes bibliographical references and index</subfield>
  </datafield>
  <datafield tag="515" ind1=" " ind2=" ">
   <subfield code="a">Erschenen: Vol. 1 (2012) -  3 (2012) im Schuber</subfield>
  </datafield>
  <datafield tag="600" ind1="1" ind2="0">
   <subfield code="a">Motherwell, Robert</subfield>
   <subfield code="v">Catalogues raisonnés</subfield>
  </datafield>
  <datafield tag="655" ind1=" " ind2="7">
   <subfield code="a">Werkverzeichnis</subfield>
   <subfield code="y">1941-1991</subfield>
   <subfield code="0">(DE-588)4189680-4</subfield>
   <subfield code="0">(DE-627)104464909</subfield>
   <subfield code="0">(DE-576)210061456</subfield>
   <subfield code="2">gnd-content</subfield>
  </datafield>
  <datafield tag="689" ind1="0" ind2="0">
   <subfield code="d">p</subfield>
   <subfield code="0">(DE-588)11904823X</subfield>
   <subfield code="0">(DE-627)079838200</subfield>
   <subfield code="0">(DE-576)162300093</subfield>
   <subfield code="a">Motherwell, Robert</subfield>
   <subfield code="d">1915-1991</subfield>
   <subfield code="2">gnd</subfield>
  </datafield>
  <datafield tag="689" ind1="0" ind2=" ">
   <subfield code="5">(DE-627)</subfield>
  </datafield>
  <datafield tag="700" ind1="1" ind2=" ">
   <subfield code="a">Flam, Jack D.</subfield>
   <subfield code="d">1940-</subfield>
   <subfield code="0">(DE-588)123748968</subfield>
   <subfield code="0">(DE-627)082743940</subfield>
   <subfield code="0">(DE-576)293858489</subfield>
   <subfield code="4">oth</subfield>
  </datafield>
  <datafield tag="700" ind1="1" ind2=" ">
   <subfield code="a">Rogers, Katy</subfield>
   <subfield code="4">oth</subfield>
  </datafield>
  <datafield tag="700" ind1="1" ind2=" ">
   <subfield code="a">Clifford, Tim</subfield>
   <subfield code="d">1969-</subfield>
   <subfield code="4">oth</subfield>
  </datafield>
  <datafield tag="700" ind1="1" ind2=" ">
   <subfield code="a">Motherwell, Robert</subfield>
   <subfield code="d">1915-1991</subfield>
   <subfield code="0">(DE-588)11904823X</subfield>
   <subfield code="0">(DE-627)079838200</subfield>
   <subfield code="0">(DE-576)162300093</subfield>
   <subfield code="4">oth</subfield>
  </datafield>
  <datafield tag="787" ind1="0" ind2="8">
   <subfield code="i">Rezensiert in</subfield>
   <subfield code="a">Gilbert, Gregory</subfield>
   <subfield code="t">[Rezension von: Jack Flam / Katy Rogers / Tim Clifford, Robert Motherwell. Paintings and collages. A catalogue raisonné, 1941-1991]</subfield>
   <subfield code="d">2014</subfield>
   <subfield code="w">(DE-627)1797113003</subfield>
  </datafield>
  <datafield tag="936" ind1="b" ind2="k">
   <subfield code="a">20.31</subfield>
   <subfield code="j">Bildende Künstler</subfield>
   <subfield code="0">(DE-627)181571080</subfield>
  </datafield>
  <datafield tag="951" ind1=" " ind2=" ">
   <subfield code="a">MC</subfield>
  </datafield>
  <datafield tag="990" ind1=" " ind2=" ">
   <subfield code="a">Motherwell, Robert</subfield>
  </datafield>
  <datafield tag="991" ind1=" " ind2=" ">
   <subfield code="a">Rezensiertes Werk</subfield>
  </datafield>
  <datafield tag="999" ind1=" " ind2=" ">
   <subfield code="a">KXP-PPN63107760X</subfield>
   <subfield code="e">4183009367</subfield>
  </datafield>
 </record>
</collection>
